[Event "Mumbai Wealth op"]
[Site "Mumbai"]
[Date "2016.01.31"]
[Round "4"]
[White "Jaeel, Atharva"]
[Black "Dahale, Atul"]
[Result "0-1"]
[WhiteElo "1644"]
[BlackElo "2088"]
[PlyCount "56"]
[EventDate "2016.01.28"]
[EventType "swiss"]
[EventRounds "9"]
[EventCountry "IND"]
[SourceTitle "CBM 170 Extra"]
[Source "ChessBase"]
[SourceDate "2016.02.25"]
[SourceVersion "1"]
[SourceVersionDate "2016.02.25"]
[SourceQuality "1"]

1. e4 c5 2. Nf3 a6 3. d4 cxd4 4. Nxd4 d6 5. Nc3 Nf6 6. Bg5 e6 7. f4 h6 8. Bh4 Qb6 9. Bxf6 gxf6 10. Rb1 Nc6 11. Nxc6 bxc6 12. Qd2 Rg8 13. Bd3 d5 14. exd5 cxd5 15. f5 Bb4 16. a3 Bxc3 17. Qxc3 Rxg2 18. Rf1 e5 19. Be2 Bb7 20. Qh3 d4 21. Qxh6 Rc8 22. Kd1 Rxc2 23. Kxc2 d3+ 24. Kd2 Rxe2+ 25. Kxd3 Qb5+ 26. Kc3 Qc5+ 27. Kb3 Bd5+ 28. Ka4 Qb5# 0-1

[Event "Mumbai Wealth op"]
[Site "Mumbai"]
[Date "2016.01.29"]
[Round "2"]
[White "Jaeel, Atharva"]
[Black "Shirodkar, Abhishek"]
[Result "1-0"]
[WhiteElo "1644"]
[BlackElo "1009"]
[PlyCount "97"]
[EventDate "2016.01.28"]
[EventType "swiss"]
[EventRounds "9"]
[EventCountry "IND"]
[SourceTitle "CBM 170 Extra"]
[Source "ChessBase"]
[SourceDate "2016.02.25"]
[SourceVersion "1"]
[SourceVersionDate "2016.02.25"]
[SourceQuality "1"]

1. d4 Nf6 2. Bg5 e6 3. Nf3 Be7 4. e3 d5 5. c4 b6 6. cxd5 Nxd5 7. Bxe7 Qxe7 8. Nbd2 Bb7 9. Bd3 Nd7 10. 0-0 0-0 11. Rc1 Rac8 12. Qa4 a6 13. a3 c5 14. Bb1 cxd4 15. Qxd4 Rfe8 16. Nc4 e5 17. Qd2 b5 18. Na5 Ba8 19. b4 N5f6 20. Qe2 Nd5 21. Qb2 N5f6 22. Nd2 Nh5 23. Rfd1 e4 24. h3 f5 25. Nf1 Ne5 26. Qe2 Rxc1 27. Rxc1 Qg5 28. Ba2+ Kh8 29. Qc2 h6 30. Qc7 Nf3+ 31. Kh1 Ne5 32. Bf7 Nxf7 33. Qxf7 Rg8 34. Rc5 Nf6 35. Ng3 g6 36. Qe7 h5 37. Nb3 h4 38. Ne2 Bd5 39. Rxd5 Re8 40. Qf7 Rc8 41. Rc5 Rd8 42. Nbd4 Ng4 43. hxg4 Qxg4 44. Qf6+ Kh7 45. Rc7+ Kh6 46. Qg7+ Kh5 47. Qh7+ Kg5 48. Ne6+ Kf6 49. Qg7+ 1-0